AN INTRODUCTION TO ALTERNATIVE DISPUTE RESOLUTION SYSTEM (Record no. 23052)

MARC details
000 -LEADER
fixed length control field 00362nam a22001457a 4500
003 - CONTROL NUMBER IDENTIFIER
control field SGT
020 ## - INTERNATIONAL STANDARD BOOK NUMBER
International Standard Book Number 9789390735747
082 ## - DEWEY DECIMAL CLASSIFICATION NUMBER
Classification number 347.09
Item number KUR
100 ## - MAIN ENTRY--PERSONAL NAME
Personal name KURLWAL ,ANUPAM
245 ## - TITLE STATEMENT
Title AN INTRODUCTION TO ALTERNATIVE DISPUTE RESOLUTION SYSTEM
250 ## - EDITION STATEMENT
Edition statement 4
260 ## - PUBLICATION, DISTRIBUTION, ETC. (IMPRINT)
Place of publication, distribution, etc ALLAHABAD
Name of publisher, distributor, etc CENTRAL LAW PUBLICATION
Year of Publication 2022
300 ## - PAGE DESCRIPTION
No. of Pages LVI ,716
942 ## - ADDED ENTRY ELEMENTS (KOHA)
Source of classification or shelving scheme Dewey Decimal Classification
Koha item type Books
942 ## - ADDED ENTRY ELEMENTS (KOHA)
-- 8
Holdings
Withdrawn status Lost status Source of classification or shelving scheme Damaged status Not for loan Collection code Home library Current library Shelving location Date acquired Vendor Name Cost, normal purchase price SGTU Bill Number Total Checkouts Full call number Accession No. (Barcode) Date last seen Bill Date Koha item type Date last borrowed
    Dewey Decimal Classification   Not For Loan LAW SGT Science & Social Sciences Library SGT Science & Social Sciences Library Reference Book 22/07/2022 AHUJA BOOK COMPANY 640.00 SGTU 14697   347.09 KUR FL2821 22/07/2022 30/06/2022 Books  
    Dewey Decimal Classification     LAW SGT Science & Social Sciences Library SGT Science & Social Sciences Library Text Book 22/07/2022 AHUJA BOOK COMPANY 640.00 SGTU 14697 10 347.09 KUR FL2822 12/03/2026 30/06/2022 Books 12/02/2026